Finanční zralost v praxi I.
Na minha lista:
| Autor principal: | |
|---|---|
| Formato: | Livro |
| Publicado em: |
2023
|
| Tags: |
Sem tags, seja o primeiro a adicionar uma tag!
|
MARC
| LEADER | 00000nam a2200000 4500 | ||
|---|---|---|---|
| 001 | 0302875 | ||
| 005 | 20240822101721.5 | ||
| 020 | |a 9788074284458 | ||
| 245 | 1 | 0 | |a Finanční zralost v praxi I. |c Veronika Kalátová |
| 264 | 1 | |c 2023 | |
| 100 | 1 | |a Kalátová, Veronika | |